书目信息 |
| 题名: |
王鲁彦研究资料
|
|
| 作者: | 曾华鹏 , 蒋明玳 编 | |
| 分册: | ||
| 出版信息: | 北京 知识产权出版社 2010.01 |
|
| 页数: | 301页 | |
| 开本: | 23cm | |
| 丛书名: | 中国文学史资料全编 | |
| 单 册: | ||
| 中图分类: | I206.6 , K825.6 | |
| 科图分类: | ||
| 主题词: | ||
| 电子资源: | ||
| ISBN: | 978-7-80247-794-0 | |
| 000 | 01089nam 2200301 450 | |
| 001 | 012010230193 | |
| 005 | 20100624171840.29 | |
| 010 | @a978-7-80247-794-0@dCNY39.00 | |
| 100 | @a20100624d2010 em y0chiy0120 ea | |
| 101 | 0 | @achi |
| 102 | @aCN@b110000 | |
| 105 | @ay z 001yy | |
| 106 | @ar | |
| 200 | 1 | @a王鲁彦研究资料@Awang lu yan yan jiu zi liao@f曾华鹏, 蒋明玳编@Fzeng hua peng,jiang ming dai bian |
| 210 | @a北京@c知识产权出版社@d2010.01 | |
| 215 | @a301页@d23cm | |
| 225 | 2 | @a中国文学史资料全编@Azhong guo wen xue shi zi liao quan bian@i现代卷@v23 |
| 320 | @a有索引 | |
| 330 | @a本书分王鲁彦传略,王鲁彦自连,回忆文章选辑,评介又章选辑,著译系年厦评介文章目录索引辞五个部分,全面收集了关干王鲁彦的研究资科。 | |
| 410 | 0 | @12001 @a中国文学史资料全编@i现代卷@v23 |
| 600 | 0 | @a王鲁,@Awang lu@f1901-1944@x文学研究 |
| 600 | 0 | @a王鲁,@Awang lu@f1901-1944@x人物研究 |
| 690 | @aI206.6@v4 | |
| 690 | @aK825.6@v4 | |
| 701 | 0 | @a曾华鹏@Azeng hua peng@4编 |
| 701 | 0 | @a蒋明玳@Ajiang ming dai@4编 |
| 801 | 0 | @aCN@bQSSK@c20100624 |
| 905 | @b783426-28@dI206.6@eZ025@f3 | |
| 王鲁彦研究资料/曾华鹏, 蒋明玳编.-北京:知识产权出版社,2010.01 |
| 301页;23cm.-(中国文学史资料全编.现代卷;23) |
| ISBN 978-7-80247-794-0:CNY39.00 |
| 本书分王鲁彦传略,王鲁彦自连,回忆文章选辑,评介又章选辑,著译系年厦评介文章目录索引辞五个部分,全面收集了关干王鲁彦的研究资科。 |
| ● |
| 相关链接 |
|
|
|
正题名:王鲁彦研究资料
索取号:I206.6/Z025
 
预约/预借
| 序号 | 登录号 | 条形码 | 馆藏地/架位号 | 状态 | 备注 |
| 1 | 783426 | 207834263 | 文学库108/108文学库 6排4列1层/ [索取号:I206.6/Z025] | 在馆 | |
| 2 | 783427 | 207834272 | 文学库108/108文学库 6排4列1层/ [索取号:I206.6/Z025] | 在馆 | |
| 3 | 783428 | 207834281 | 文学库108/108文学库 6排4列1层/ [索取号:I206.6/Z025] | 在馆 |